000 00474nam a2200181Ia 4500
008 090124s9999 xx 000 0 und d
082 _b132541
100 _aठाकूर दिलीप
245 _a तारांगण
250 _a1
260 _c2004
300 _a135
600 _aठाकूर दिलीप
630 _a तारांगण
700 _aठाकूर दिलीप
730 _a तारांगण
942 _cBOOK
999 _c178639
_d178639